Water and energy : threats and opportunities /

Bibliographic Details
Main Author: Olsson, Gustaf
Format: Book
Language:English
Published: London : IWA Publishing, 2015.
Edition:2nd ed.
Subjects:

MARC

Tag First Indicator Second Indicator Subfields
LEADER 00000cam a2200000 i 4500
001 in00003535813
005 20151105215538.0
008 150513s2015 enk 000 0 eng d
020 |a 1780406932 
020 |a 9781780406930 
035 |a (OCoLC)ocn908911280 
040 |a YDXCP  |e rda  |c YDXCP  |d BWK  |d COO  |d UtOrBLW 
049 |a TXAM 
090 |a TD345  |b .O47 2015 
100 1 |a Olsson, Gustaf. 
245 1 0 |a Water and energy :  |b threats and opportunities /  |c Gustaf Olsson. 
250 |a 2nd ed. 
264 1 |a London :  |b IWA Publishing,  |c 2015. 
336 |a text  |b txt  |2 rdacontent 
337 |a unmediated  |b n  |2 rdamedia 
504 |a Includes bibliographical references (pages [415]-439) and index. 
650 0 |a Water use. 
650 0 |a Water resources development. 
650 0 |a Energy development. 
650 0 |a Water security. 
650 0 |a Energy security. 
945 |a PromptCat  |b 234260 
946 |a stk 
947 |a A14842877434 
948 |a cataloged  |b h  |c 2015/6/26  |d c  |e dmitchel  |f 10:20:30 am 
994 |a C0  |b TXA 
999 |a MARS 
999 f f |s 4f5b8ad4-2934-3507-b30a-07e2c830401b  |i 19f73766-945a-3a1b-ad38-5ec59702ccbb  |t 0 
952 f f |p normal  |a Texas A&M University  |b College Station  |c Sterling C. Evans Library  |d Evans: Library Stacks  |t 0  |e TD345 .O47 2015  |h Library of Congress classification  |i unspecified -- unspecified  |m A14842877434 
998 f f |a TD345 .O47 2015  |t 0  |l Evans: Library Stacks